Statistiques concernant Diaspora européenne - 11 premiers pays

Cliquez ici pour prendre le quiz!

Statistiques générales

  • Ce quiz a été pris 689 fois
  • Le résultat moyen est 9 sur 11

Statistiques - réponses

#%Pays% Correct
235 mil72,4Etats-Unis
100%
100 mil47,7Brésil
97%
28 mil76,7Canada
97%
21 mil16,5Mexique
95%
37 mil85Argentine
93%
22 mil90Australie
88%
18 mil37Colombie
82%
9,6 mil52,7Chili
79%
4,9 mil8,9Afrique du Sud
68%
13 mil42,2Venezuela
68%
7,3 mil64,1Cuba
46%

Distribution des résultats

Percentile par nombre de réponses

% des personnes avec chaque résultat

Votre développement - résultats

Vous n’avez pas pris ce quiz